Statistics for Présidents américains par image #1

Click here to take the quiz!

General Stats

  • This quiz has been taken 9 times
  • The average score is 9 of 12

Answer Stats

Answer% Correct
John F. Kennedy
100%
Abraham Lincoln
100%
George W. Bush
100%
Barack Obama
100%
Richard Nixon
86%
George Washington
71%
Thomas Jefferson
71%
Franklin Roosevelt
71%
Ulysses S. Grant
57%
Theodore Roosevelt
57%
Andrew Jackson
43%
William McKinley
0%

Score Distribution

Percentile by Number Answered

Percent of People with Each Score

Your Score History

You have not taken this quiz